000 00808nam a2200205 a 4500
003 0
005 20250620151024.0
008 021129s19uu xx 00 eng d
050 _aPGS RM 666.H33
_b.Aq657 1998
100 _aAquino, Timothy Jorelle "Jaga" B.
245 _aUse of medicinal plants as alternative to synthetic medicines /
_cTimothy Jorelle "Jaga" B. Aquino.
260 _aLas PiƱas City, Philippines :
_bSouthville International School and Colleges,
_c1998.
300 _aVarious pagination :
_bcolored illustrations ;
_c28 cm.
504 _aIncludes bibliographical references.
650 _aMedicinal plants
_zPhilippines.
650 _aHerbal medicine
_zPhilippines.
650 _aAlternative medicine
_zPhilippines.
650 _aTraditional medicine
_zPhilippines.
942 _2lcc
_cPASS
999 _c96431
_d96431